Español : primer grado :

Gespeichert in:
Bibliographische Detailangaben
Körperschaft: México. Comisión Nacional de los Libros de Texto Gratuitos.
Format: Buch
Sprache:Spanisch
Erschienen: México : SEP. Comisión Nacional de los Libros de Texto Gratuitos, 1994.
Katalog:MANES:  Suchergebnis im Bibliothekskatalog
Schulbuchspezifische Eigenschaften:
Schriftenreihe:Libro de texto gratuito.
Online-Zugang:CONALITEG
Tags: Tag hinzufügen
Keine Tags, Fügen Sie den ersten Tag hinzu!
Hinzugefügt zu:04.12.2005
Geändert in:08.05.2025

MARC

LEADER 00000cam a2200000 4500
003 OSt
005 20250508092021.0
008 051205n1994 mx f 000 0 spa u
020 |a 9682962439 
040 |a CINV  |c CINV 
050 0 4 |a LTG LB1577  |b M49r 1º 1994 
110 2 |a México.  |b Comisión Nacional de los Libros de Texto Gratuitos.  |9 24687 
245 1 0 |a Español :  |b primer grado :  |b recortable /  |c Secretaría de Educación Pública. 
260 |a México :  |b SEP. Comisión Nacional de los Libros de Texto Gratuitos,  |c 1994. 
300 |a 79 p. :  |b il., ;  |c 27 cm. 
440 |a Libro de texto gratuito.  |9 21882 
546 |a México 
561 |5 mx-CINVES  |a México. DIE-Cinvestav (Ciudad de México)  |k MANES 
690 0 |a EyL 
691 0 |a PRI 
856 |3 CONALITEG  |u https://historico.conaliteg.gob.mx/content/restricted/libros/carrusel.jsf?idLibro=135 
910 |a E-34172  |a E-34171(ej.2) 
942 |2 lcc  |c BK 
999 |c 54533  |d 54533 
999 |c manes:54533  |d 54533